000 02894nam a22002537a 4500
005 20250526151215.0
008 250526b |||||||| |||| 00| 0 eng d
020 _a9789351611783
040 _cAIMIT LIBRARY
082 _218
_a658.1511
_bMAHS
100 _aMaheshwari, S N.
_9211021
245 _aPrinciples of management accounting /
_cBy S N Maheshwari, Suneel K Maheshwari and CA Sharad K Maheshwari.
250 _a18th ed.
260 _aNew Delhi :
_bSultan Chand & Sons ,
_c2024.
300 _axxvi,396,D17,Q-P10,S-1,A-1P. ;
_bPB
_c25 cm
500 _aThe book provides a comprehensive coverage of the course-content requirements of the students appearing the paper 'Management Accounting' at the B.Com, M.Com, BBA and MBA Examinations of different Indian Universities. The book has been divided into THREE Convenient Sections. Each Section covers a different aspect of 'Management Accounting' with the subject divided into chapters covering The unique features of this book lie in its simplicity of style and systematic presentation of theory and graded practical illustrations which have made it user friendly mainly the students. The other main strengths of this book are: exhaustive text plentiful illustrative examples and end-of-the-chapter exercises with answers. New Features in This Edition Updated position regarding, IFRSs and steps for their convergence in India. Certain new concepts viz. Target Costing, Kaizen Costing and Balanced Scorecard have been incorporated in Chapter 3 (Section A) and Appendix 1 of the book. Schedule III regarding presentation of financial statements as per the Companies Act, 2013 has been incorporated as an Appendix 5 to the book.
505 _a Contents : SECTION A: FUNDAMENTALS Management Accounting: Nature and Scope Financial Accounting Principles Basic Cost Concepts Activity Based Costing SECTION B: FINANCIAL ANALYSIS Financial Statements: Analysis and Interpretation Ratio Analysis Funds Flow Analysis Cash Flow Analysis SECTION C: PLANNING & CONTROL Budgetary Control Standard Costing Variance Analysis Marginal Costing and Profit Planning Decisions Involving Alternative Choices Pricing Decisions & Divisional Performance Basics of Capital Budgeting Risk Analysis in Capital Budgeting Management Reporting SECTION D: APPENDICES Appendix 1: Balanced Scorecard Appendix 2: Present Value of Re 1 Appendix 3: Present Value of Re 1 Received annually for N Years Appendix 4: Compound Value of Re 1 Appendix 5: Presentation of Financial Statements University Question Papers Subject Index Author Index
650 _aFinancial accounting principles
_9211022
650 _aBasic cost concepts
_9211023
650 _aStandard costing
_9211024
700 _aMaheshwari, Suneel K.
_9211025
700 _aMaheshwari, CA Sharad K.
_9211026
942 _2ddc
_cBK
_e18th ed.
_k658.1511 MAHS
999 _c234323
_d234323